[Event "MCRE_CF23"]
[Site "?"]
[Date "????.??.??"]
[Round "?"]
[White "Smerda, Roman"]
[Black "Trs, Jan"]
[Result "1/2-1/2"]
[WhiteElo "1600"]
[BlackElo "2158"]
[PlyCount "77"]
[EventDate "2009.??.??"]
[EventType "corr"]
[EventRounds "2"]

1. c4 e5 2. Nc3 Nc6 3. Nf3 Nf6 4. g3 Bb4 5. Nd5 Bc5 6. Bg2 d6 7. O-O O-O 8. d3
Nxd5 9. cxd5 Nd4 10. Nxd4 Bxd4 11. e3 Bb6 12. b4 a5 13. Bd2 axb4 14. Bxb4 f5
15. a4 f4 16. a5 Ba7 17. Bd2 fxe3 18. Bxe3 Bxe3 19. fxe3 Rxf1+ 20. Qxf1 Bd7 21.
Qf2 g6 22. Qc2 Qb8 23. Rc1 Qa7 24. Qf2 Rf8 25. Qd2 b6 26. axb6 cxb6 27. d4 exd4
28. Qxd4 Ra8 29. Qf4 b5 30. Rf1 Bf5 31. Qxd6 Qxe3+ 32. Kh1 Qe2 33. Qf4 Ra2 34.
Qb8+ Kg7 35. Qc7+ Kh6 36. Qf4+ Kg7 37. Qc7+ Kg8 38. Qd8+ Kf7 39. Qc7+ 1/2-1/2

[Event "MCRE_CF23"]
[Site "?"]
[Date "????.??.??"]
[Round "?"]
[White "Rychtecky, Pavel"]
[Black "Benes, Jiri"]
[Result "1-0"]
[WhiteElo "2140"]
[BlackElo "1982"]
[PlyCount "91"]
[EventDate "2009.??.??"]
[EventType "corr"]
[EventRounds "2"]

1. e4 g6 2. d4 Bg7 3. Nc3 d6 4. Be3 Nf6 5. Qd2 Nc6 6. f3 Nd7 7. d5 Nce5 8. f4
Ng4 9. Bd4 Bxd4 10. Qxd4 O-O 11. O-O-O c6 12. h3 Ngf6 13. Nf3 Nc5 14. g4 cxd5
15. exd5 Bd7 16. Bg2 Rc8 17. Rhe1 b5 18. Bf1 Rb8 19. Nd2 Re8 20. Kb1 Qb6 21.
Bg2 b4 22. Ne2 Rbc8 23. Nc4 Qa6 24. Ne3 Qb7 25. Ng3 a5 26. g5 Nh5 27. Nxh5 gxh5
28. f5 Na4 29. Rd2 Qb5 30. Qf4 Nc3+ 31. Ka1 Qa4 32. bxc3 Qa3 33. Rdd1 Qxc3+ 34.
Kb1 Ba4 35. Re2 Bb5 36. Rf2 a4 37. g6 a3 38. gxf7+ Kxf7 39. Qd4 Rg8 40. f6 Bd7
41. Kc1 b3 42. fxe7+ Kxe7 43. axb3 a2 44. Qxc3 Rxc3 45. Kd2 Rc5 46. Re1 1-0

[Event "MCRE_CF23"]
[Site "?"]
[Date "????.??.??"]
[Round "?"]
[White "Rychtecky, Pavel"]
[Black "Trs, Jan"]
[Result "1/2-1/2"]
[WhiteElo "2140"]
[BlackElo "2158"]
[PlyCount "83"]
[EventDate "2009.??.??"]
[EventType "corr"]
[EventRounds "2"]

1. e4 c6 2. d4 d5 3. Nc3 dxe4 4. Nxe4 Bf5 5. Ng3 Bg6 6. h4 h6 7. Nf3 Nd7 8. h5
Bh7 9. Bd3 Bxd3 10. Qxd3 Ngf6 11. Bf4 e6 12. O-O-O Be7 13. Kb1 O-O 14. Ne4 Nxe4
15. Qxe4 Nf6 16. Qe2 Qd5 17. Ne5 Qe4 18. Qxe4 Nxe4 19. Rhe1 Nf6 20. g4 Rfc8 21.
c3 Bd6 22. Bg3 b5 23. Nd7 Bxg3 24. Nxf6+ gxf6 25. fxg3 Kg7 26. Kc2 Rc7 27. Re4
Rd8 28. Rf1 Rd5 29. b4 e5 30. Rfe1 exd4 31. Rxd4 Re5 32. Rf1 c5 33. bxc5 Rcxc5
34. Rf3 a5 35. a4 bxa4 36. Rxa4 Rc6 37. Kd3 Rce6 38. c4 Rd6+ 39. Kc3 Ra6 40.
Rd3 Rg5 41. Rd4 Re6 42. Kd2 1/2-1/2

[Event "MCRE_CF23"]
[Site "?"]
[Date "????.??.??"]
[Round "?"]
[White "Struzka, Vlastimil"]
[Black "Rychtecky, Pavel"]
[Result "0-1"]
[WhiteElo "2096"]
[BlackElo "2140"]
[PlyCount "120"]
[EventDate "2009.??.??"]
[EventType "corr"]
[EventRounds "2"]

1. d4 Nf6 2. c4 e6 3. Nc3 Bb4 4. e3 O-O 5. Bd2 d5 6. a3 Be7 7. Nf3 b6 8. Be2 c5
9. cxd5 exd5 10. Ne5 Bb7 11. O-O Nc6 12. Rc1 Nxe5 13. dxe5 Nd7 14. f4 c4 15.
Be1 Nc5 16. Rc2 a6 17. Rd2 Nb3 18. Rxd5 Bxd5 19. Nxd5 b5 20. Bg4 Bc5 21. Qf3 a5
22. a4 bxa4 23. Bf5 Ra6 24. Qe4 Qa8 25. Qxc4 Rh6 26. Bd3 Rc8 27. Qe4 Nc1 28.
Bb5 a3 29. bxa3 Bxa3 30. Rf2 Bf8 31. f5 Kh8 32. Rd2 Nb3 33. Rd1 Qb8 34. Be2 Nc5
35. Qf4 a4 36. Bb4 Rd8 37. h3 Re8 38. Bc3 a3 39. f6 Rd8 40. fxg7+ Bxg7 41. Bc4
Ne6 42. Qf1 Qa7 43. Ba2 Rg6 44. Qf5 Qa4 45. Re1 Rg5 46. Qf2 Qc6 47. Rd1 Nc7 48.
h4 Rg6 49. Qd2 Qe6 50. h5 Rg5 51. e4 Qg4 52. Rf1 Qxh5 53. Qc2 Ne6 54. Ne3 Bh6
55. Rf2 Rg3 56. Nf1 Rd1 57. Bxe6 Rxf1+ 58. Rxf1 Be3+ 59. Rf2 fxe6 60. Bb4 Qg4
0-1

[Event "MCRE_CF23"]
[Site "?"]
[Date "????.??.??"]
[Round "?"]
[White "Benes, Jiri"]
[Black "Rychtecky, Pavel"]
[Result "1/2-1/2"]
[WhiteElo "1982"]
[BlackElo "2140"]
[PlyCount "111"]
[EventDate "2009.??.??"]
[EventType "corr"]
[EventRounds "2"]

1. c4 Nf6 2. Nc3 e5 3. Nf3 Nc6 4. d3 d5 5. cxd5 Nxd5 6. g3 Be7 7. Bg2 Be6 8.
O-O O-O 9. d4 exd4 10. Nxd4 Nxd4 11. Qxd4 Bf6 12. Qc5 Nxc3 13. bxc3 c6 14. Be3
b6 15. Qa3 Qc7 16. Bf4 Qc8 17. e4 Re8 18. Rfe1 Be7 19. Bd6 Bxd6 20. Qxd6 Rd8
21. Qe7 Rd7 22. Qh4 Rd2 23. Qf4 Qd7 24. e5 Rd8 25. Bf3 Qd3 26. Rac1 Bd5 27. Bh5
Bxa2 28. c4 g6 29. Bg4 Rf8 30. Bf3 Qd4 31. Qxd4 Rxd4 32. c5 Bd5 33. Bxd5 cxd5
34. cxb6 axb6 35. Rc7 Re8 36. f4 Ra8 37. Re2 b5 38. Rb7 b4 39. Kf2 h5 40. Rb2
Ra4 41. Re2 Ra6 42. Rc2 Ra8 43. Rb2 h4 44. R7xb4 Rxb4 45. Rxb4 Ra2+ 46. Kg1
hxg3 47. hxg3 g5 48. Rd4 Kg7 49. fxg5 Kg6 50. Rxd5 Kxg5 51. Rd4 Kf5 52. Rf4+
Ke6 53. Rf6+ Ke7 54. Rb6 Re2 55. g4 Rxe5 56. Kg2 1/2-1/2

[Event "MCRE_CF23"]
[Site "?"]
[Date "????.??.??"]
[Round "?"]
[White "Berko, Michal"]
[Black "Trs, Jan"]
[Result "0-1"]
[WhiteElo "2070"]
[BlackElo "2158"]
[PlyCount "84"]
[EventDate "2009.??.??"]
[EventType "corr"]
[EventRounds "2"]

1. Nf3 d5 2. d4 Nf6 3. c4 e6 4. Nc3 Be7 5. Bf4 O-O 6. e3 c5 7. dxc5 Bxc5 8.
cxd5 Nxd5 9. Nxd5 exd5 10. Bd3 Bb4+ 11. Kf1 Nc6 12. Bc2 Qb6 13. h4 Be7 14. Qd3
g6 15. Qb3 Nb4 16. Bd1 Bf5 17. h5 a5 18. hxg6 fxg6 19. Ne5 a4 20. Qc3 Bf6 21.
Qd2 a3 22. Kg1 Rfe8 23. bxa3 Rxa3 24. g4 Be4 25. Nd7 Qc6 26. Qxb4 Bxa1 27. Qxa3
Bxh1 28. Kxh1 Qxd7 29. Qa5 Rd8 30. Kg2 Bg7 31. Bb3 Qxg4+ 32. Bg3 Qg5 33. e4 h5
34. Bxd5+ Kh7 35. f4 Qe7 36. Bf2 Bh6 37. Be3 Qd7 38. Kf2 h4 39. Qb4 Rc8 40. Bb3
b5 41. e5 Qg4 42. Qe7+ Bg7 0-1

[Event "MCRE_CF23"]
[Site "?"]
[Date "????.??.??"]
[Round "?"]
[White "Trs, Jan"]
[Black "Berko, Michal"]
[Result "1-0"]
[WhiteElo "2158"]
[BlackElo "2070"]
[PlyCount "95"]
[EventDate "2009.??.??"]
[EventType "corr"]
[EventRounds "2"]

1. c4 c5 2. Nc3 Nf6 3. Nf3 e6 4. g3 Nc6 5. Bg2 d5 6. cxd5 exd5 7. d4 cxd4 8.
Nxd4 Bc5 9. Nb3 Bb6 10. Nxd5 Nxd5 11. Qxd5 Qxd5 12. Bxd5 O-O 13. Bd2 Rd8 14.
Bxc6 bxc6 15. O-O Be6 16. Bc3 Rd7 17. Rfd1 Rad8 18. Rxd7 Rxd7 19. Nd2 f6 20. b3
Bg4 21. Re1 Kf7 22. Kg2 h6 23. h3 Be6 24. Rc1 f5 25. Nf3 Bd5 26. h4 Bc7 27. h5
a6 28. Kh3 Re7 29. Rc2 f4 30. g4 g6 31. hxg6+ Kxg6 32. Bb2 Re8 33. Nd4 Be4 34.
Rc1 h5 35. gxh5+ Kxh5 36. f3 Bd5 37. Nxc6 Bb6 38. Ne5 Kg5 39. Rd1 Bg8 40. Bc3
Be6+ 41. Kg2 Re7 42. Rd6 Bc7 43. Rxa6 Bc8 44. Rc6 Bxe5 45. Rxc8 Bxc3 46. Rxc3
Rxe2+ 47. Kh3 Rxa2 48. Rc5+ 1-0

[Event "MCRE_CF23"]
[Site "?"]
[Date "????.??.??"]
[Round "?"]
[White "Rychtecky, Pavel"]
[Black "Stika, Vaclav"]
[Result "0-1"]
[WhiteElo "2140"]
[BlackElo "2098"]
[PlyCount "107"]
[EventDate "2009.??.??"]
[EventType "corr"]
[EventRounds "2"]

1. e4 e5 2. Nf3 Nc6 3. Bb5 a6 4. Ba4 Nf6 5. O-O Be7 6. Re1 b5 7. Bb3 O-O 8. c3
d6 9. a4 b4 10. a5 bxc3 11. dxc3 Bd7 12. Bc2 Qb8 13. b4 Nd8 14. Na3 Qb7 15. Qe2
Ne6 16. Rb1 Rfe8 17. Bd2 Bc6 18. c4 h6 19. b5 Bd7 20. h3 Nh5 21. Qe3 Nhf4 22.
Kh2 Nc5 23. Red1 Bf6 24. Bb4 Nfe6 25. Bc3 Be7 26. Rb2 Rab8 27. Rdb1 Qa7 28. Kg1
Qa8 29. Rd1 Qb7 30. Re1 Red8 31. Rc1 Rbc8 32. Rd1 Bf6 33. Re1 Rb8 34. Kh2 Qa8
35. Reb1 Be7 36. Rf1 Ng5 37. Re1 Nce6 38. Ra1 Rbc8 39. Nxg5 Bxg5 40. Qe1 Bf6
41. f4 Nxf4 42. b6 Qb7 43. Qf2 Rb8 44. Rab1 Be6 45. Bd2 c6 46. Rb3 Qe7 47. Rf3
Bd7 48. c5 dxc5 49. Rxf4 exf4 50. Bxf4 Be5 51. Nc4 Bxf4+ 52. Qxf4 Be6 53. Ne5
Qb7 54. Ba4 0-1

[Event "MCRE_CF23"]
[Site "?"]
[Date "????.??.??"]
[Round "?"]
[White "Rychtecky, Pavel"]
[Black "Struzka, Vlastimil"]
[Result "0-1"]
[WhiteElo "2140"]
[BlackElo "2096"]
[PlyCount "116"]
[EventDate "2009.??.??"]
[EventType "corr"]
[EventRounds "2"]

1. e4 e5 2. Nf3 Nc6 3. Bb5 a6 4. Ba4 Nf6 5. O-O Be7 6. Re1 b5 7. Bb3 d6 8. c3
Bg4 9. h3 Bh5 10. a4 O-O 11. g4 Bg6 12. g5 Nh5 13. Bd5 Qd7 14. d4 Rad8 15. Nh4
exd4 16. axb5 axb5 17. Kh2 dxc3 18. bxc3 Ne5 19. f4 c6 20. Bb3 Nc4 21. f5 Qc7
22. fxg6 d5+ 23. e5 fxg6 24. Bxc4 dxc4 25. Qg4 Bc5 26. Ra2 Qf7 27. e6 Qe7 28.
Nf3 Rd3 29. Rf1 Bd6+ 30. Kg2 Ng3 31. Rff2 Nf5 32. Qe4 Bg3 33. Rac2 c5 34. Rf1
Bc7 35. Qe1 Qd6 36. e7 Re8 37. Re2 Ng3 38. Re6 Qd5 39. Rf2 Rd1 40. Re5 Bxe5 41.
Qxe5 Qxe5 42. Nxe5 Rxe7 43. Rd2 Rxd2+ 44. Bxd2 Rxe5 45. Kxg3 b4 46. Kf3 Kf7 47.
Be3 Ke6 48. Kf2 b3 49. Bc1 Rd5 50. Ke2 Rd3 51. Be3 Kd5 52. h4 Kc6 53. Bd2 Rh3
54. Be1 Kd5 55. Bf2 Rh2 56. Na3 h6 57. Nb1 hxg5 58. hxg5 Rg2 0-1

[Event "MCRE_CF23"]
[Site "?"]
[Date "????.??.??"]
[Round "?"]
[White "Berko, Michal"]
[Black "Smerda, Roman"]
[Result "0-1"]
[WhiteElo "2070"]
[BlackElo "1600"]
[PlyCount "94"]
[EventDate "2009.??.??"]
[EventType "corr"]
[EventRounds "2"]

1. Nf3 Nf6 2. c4 e6 3. g3 d5 4. d4 Be7 5. Bg2 O-O 6. cxd5 exd5 7. O-O c6 8. Nc3
Nbd7 9. Qd3 Bd6 10. Bg5 h6 11. Bd2 Nb6 12. b3 Re8 13. Nh4 Be6 14. Rfe1 Qd7 15.
e4 dxe4 16. Nxe4 Be7 17. Rad1 Nxe4 18. Bxe4 Bxh4 19. gxh4 Nd5 20. Qg3 Kh8 21.
Rc1 Nf6 22. Bg2 a5 23. a4 Qd8 24. Re5 Qb6 25. h3 Bd5 26. Qe3 Re6 27. Bxd5 Nxd5
28. Qd3 Qd8 29. Rxe6 fxe6 30. Qe4 Qf6 31. Kg2 Rf8 32. f3 Qd8 33. Rg1 Qd6 34.
Qe5 Qxe5 35. dxe5 b6 36. Re1 Ne7 37. Kf2 Rd8 38. Ke2 Ng6 39. Rc1 c5 40. Be1
Nf4+ 41. Ke3 g5 42. hxg5 hxg5 43. Bg3 Rd3+ 44. Kf2 Nh5 45. Rb1 Kh7 46. Ke2 Rc3
47. Be1 Nf4+ 0-1

[Event "MCRE_CF23"]
[Site "?"]
[Date "????.??.??"]
[Round "?"]
[White "Smerda, Roman"]
[Black "Rychtecky, Pavel"]
[Result "1-0"]
[WhiteElo "1600"]
[BlackElo "2140"]
[PlyCount "95"]
[EventDate "2009.??.??"]
[EventType "corr"]
[EventRounds "2"]

1. c4 Nf6 2. Nc3 e6 3. Nf3 d5 4. d4 c6 5. Bg5 h6 6. Bxf6 Qxf6 7. Qc2 Nd7 8. e4
dxe4 9. Qxe4 g6 10. h4 Bg7 11. h5 g5 12. O-O-O O-O 13. Bd3 Rd8 14. Qe3 b6 15.
Be4 Bb7 16. g4 Qe7 17. Rhg1 Nf6 18. Bc2 Rac8 19. Kb1 a6 20. Nd2 Qc7 21. Nde4
Nxe4 22. Qxe4 Qf4 23. Qxf4 gxf4 24. g5 hxg5 25. Rxg5 Kf8 26. c5 Bxd4 27. h6
Bxc5 28. Rxd8+ Rxd8 29. h7 Bd4 30. Rg8+ Ke7 31. Na4 b5 32. Nc5 Bc8 33. Be4 Bh8
34. Kc2 e5 35. Bxc6 Bh3 36. Be4 Rc8 37. b4 Be6 38. a4 f5 39. Bd5 Bxg8 40.
hxg8=Q Rxg8 41. Bxg8 bxa4 42. Nxa4 e4 43. Bh7 Kf6 44. Kd2 Ke5 45. Nc5 Kd5 46.
Bxf5 a5 47. Bxe4+ Kd4 48. Nd3 1-0

[Event "MCRE_CF23"]
[Site "?"]
[Date "????.??.??"]
[Round "?"]
[White "Struzka, Vlastimil"]
[Black "Trs, Jan"]
[Result "1/2-1/2"]
[WhiteElo "2096"]
[BlackElo "2158"]
[PlyCount "155"]
[EventDate "2009.??.??"]
[EventType "corr"]
[EventRounds "2"]

1. d4 Nf6 2. c4 g6 3. Nc3 d5 4. Nf3 Bg7 5. Bf4 O-O 6. e3 c6 7. h3 Nbd7 8. cxd5
Nxd5 9. Be2 Nxf4 10. exf4 Nb6 11. Qd2 Qd6 12. Rd1 Rd8 13. h4 Bg4 14. Ne5 Bxe2
15. Qxe2 Bxe5 16. fxe5 Qb4 17. a3 Qc4 18. Qe4 f5 19. Qe3 c5 20. dxc5 Na4 21.
Qe2 Rxd1+ 22. Nxd1 Qxc5 23. O-O Rd8 24. b4 Qd4 25. Qc2 b5 26. Qc7 Qd7 27. Qc1
Nb6 28. h5 Nc4 29. Nc3 Nd2 30. Rd1 Qd4 31. h6 g5 32. Qc2 e6 33. Rc1 a6 34. Ne2
Qc4 35. Qxc4 Nxc4 36. a4 Nxe5 37. axb5 axb5 38. f4 gxf4 39. Nxf4 Kf7 40. Re1
Ng4 41. Nxe6 Rd2 42. Nc7 Rb2 43. Nxb5 Rxb4 44. Nc3 Rc4 45. Ne2 Nxh6 46. Ra1 Ng4
47. Ra7+ Kg6 48. g3 h6 49. Ra6+ Kg5 50. Nf4 Rc1+ 51. Kg2 Rc2+ 52. Kg1 Ne5 53.
Re6 Nf3+ 54. Kf1 Kg4 55. Rxh6 Kxg3 56. Ne2+ Kg4 57. Rg6+ Kh4 58. Nf4 Nh2+ 59.
Ke1 Ng4 60. Rg8 Rc4 61. Ne2 Ra4 62. Kd2 Nf6 63. Rg6 Ra2+ 64. Kd3 Ng4 65. Rg8
Ra3+ 66. Kd4 Nf6 67. Rg6 Nd7 68. Nc3 Ra5 69. Rd6 Ne5 70. Nd5 Ng4 71. Rd8 Ra4+
72. Kc5 Re4 73. Rh8+ Kg5 74. Rg8+ Kh6 75. Rf8 Kg6 76. Kd6 Ne3 77. Ne7+ Kg7 78.
Rxf5 1/2-1/2

[Event "MCRE_CF23"]
[Site "?"]
[Date "????.??.??"]
[Round "?"]
[White "Benes, Jiri"]
[Black "Trs, Jan"]
[Result "1/2-1/2"]
[WhiteElo "1982"]
[BlackElo "2158"]
[PlyCount "133"]
[EventDate "2009.??.??"]
[EventType "corr"]
[EventRounds "2"]

1. e4 c6 2. d4 d5 3. e5 Bf5 4. Nf3 e6 5. Nbd2 c5 6. dxc5 Bxc5 7. Nb3 Bb6 8. a4
a6 9. Nfd4 Ne7 10. Nxf5 Nxf5 11. Bd3 Nc6 12. O-O O-O 13. Bf4 Nh4 14. a5 Nxa5
15. Nxa5 Bxa5 16. Bxh7+ Kxh7 17. Qh5+ Kg8 18. Bg5 Qc7 19. Qxh4 Bb6 20. Ra3 Qxe5
21. Rh3 f6 22. Qh7+ Kf7 23. Bh6 Rg8 24. Rg3 f5 25. Qg6+ Kf8 26. Bd2 Bc5 27. Re1
Qf6 28. Qh5 g6 29. Qh7 Qf7 30. Qh4 Rc8 31. Rc3 Rc6 32. Rxc5 Rxc5 33. Bb4 b6 34.
c4 Qe7 35. Qh6+ Qg7 36. Qe3 Qd7 37. cxd5 exd5 38. Bxc5+ bxc5 39. Qxc5+ Kf7 40.
Qd4 Qd6 41. g3 Rc8 42. h4 f4 43. h5 fxg3 44. hxg6+ Qxg6 45. Qxd5+ Kf8 46. Qf3+
Qf7 47. Qa3+ Kg8 48. Qxg3+ Qg7 49. Kh2 Qxg3+ 50. Kxg3 Rb8 51. Re6 Rxb2 52. Rxa6
Rb3+ 53. Kg4 Rb2 54. f4 Kf7 55. Kg5 Rg2+ 56. Kf5 Rc2 57. Ra7+ Kf8 58. Kg5 Rc5+
59. f5 Rc6 60. Rb7 Ra6 61. Rc7 Rd6 62. Rh7 Ra6 63. Rb7 Rd6 64. Kf4 Rd1 65. Rh7
Ra1 66. f6 Rf1+ 67. Ke5 1/2-1/2

[Event "MCRE_CF23"]
[Site "?"]
[Date "????.??.??"]
[Round "?"]
[White "Rychtecky, Pavel"]
[Black "Smerda, Roman"]
[Result "1/2-1/2"]
[WhiteElo "2140"]
[BlackElo "1600"]
[PlyCount "108"]
[EventDate "2009.??.??"]
[EventType "corr"]
[EventRounds "2"]

1. d4 Nf6 2. c4 e6 3. g3 d5 4. Bg2 Be7 5. Nf3 O-O 6. O-O dxc4 7. Qc2 a6 8. a4
Bd7 9. Qxc4 Bc6 10. Bg5 Bd5 11. Qd3 c5 12. dxc5 Nbd7 13. Nc3 Nxc5 14. Qe3 Rc8
15. Rfd1 h6 16. Bh4 Re8 17. Rac1 Qb6 18. Nxd5 exd5 19. Bh3 Bf8 20. Qd4 Re4 21.
a5 Rxd4 22. axb6 Rxd1+ 23. Rxd1 Rc6 24. Bxf6 Rxf6 25. Rxd5 Rxb6 26. Rd2 Na4 27.
Bc8 a5 28. Rd5 Rxb2 29. Rxa5 Nc5 30. Nd4 b6 31. Rb5 Rd2 32. e3 Ne4 33. Bf5 Nxf2
34. Kf1 Nd3 35. Nb3 Rd1+ 36. Ke2 Nb2 37. Rxb6 Rh1 38. Rc6 Rxh2+ 39. Kf3 Nd1 40.
Rc2 Rxc2 41. Bxc2 Nc3 42. Nd4 Nd5 43. e4 Nb4 44. Ba4 Bd6 45. Nf5 Bb8 46. Ne7+
Kf8 47. Nc6 Nxc6 48. Bxc6 h5 49. Bb5 Be5 50. Be2 g5 51. Kg2 g4 52. Bd1 Kg7 53.
Bb3 Kg6 54. Bc4 f6 1/2-1/2

[Event "MCRE_CF23"]
[Site "?"]
[Date "????.??.??"]
[Round "?"]
[White "Smerda, Roman"]
[Black "Berko, Michal"]
[Result "1/2-1/2"]
[WhiteElo "1600"]
[BlackElo "2070"]
[PlyCount "109"]
[EventDate "2009.??.??"]
[EventType "corr"]
[EventRounds "2"]

1. c4 c6 2. e4 d5 3. exd5 cxd5 4. cxd5 Nf6 5. Bb5+ Nbd7 6. Nc3 a6 7. Qa4 Rb8 8.
Bxd7+ Bxd7 9. Qf4 e6 10. Nge2 exd5 11. d3 Be7 12. Be3 O-O 13. O-O Re8 14. Bd4
b5 15. a3 b4 16. axb4 Rxb4 17. Rxa6 Rxb2 18. Qg3 Ng4 19. h3 Bh4 20. Qf3 Ne5 21.
Qxd5 Bc8 22. Qxd8 Rxd8 23. Ra8 Nc6 24. Bc5 Ne5 25. Nf4 Rc2 26. Bb6 Rf8 27. Ncd5
Bb7 28. Rxf8+ Kxf8 29. Ne3 Rc8 30. Bd4 Bf6 31. Rb1 Ba6 32. Nf5 Bxd3 33. Nxd3
Nxd3 34. Bxf6 gxf6 35. Rb6 Re8 36. g4 Re6 37. Rb7 Nc5 38. Rb5 Ne4 39. Rd5 Re5
40. Rd7 Re8 41. f3 Ng5 42. Kg2 Ra8 43. h4 Ne6 44. Nh6 Nd8 45. Kg3 Rb8 46. Nf5
Ke8 47. Rd6 Ne6 48. Ra6 Rd8 49. Nh6 Rd3 50. Ra8+ Nd8 51. Ng8 Rd6 52. h5 Kf8 53.
Nh6 Rd1 54. Kf4 Rd5 55. Nf5 1/2-1/2

[Event "MCRE_CF23"]
[Site "?"]
[Date "????.??.??"]
[Round "?"]
[White "Trs, Jan"]
[Black "Rychtecky, Pavel"]
[Result "1/2-1/2"]
[WhiteElo "2158"]
[BlackElo "2140"]
[PlyCount "111"]
[EventDate "2009.??.??"]
[EventType "corr"]
[EventRounds "2"]

1. c4 Nf6 2. Nc3 e5 3. Nf3 Nc6 4. g3 d5 5. cxd5 Nxd5 6. Bg2 Be6 7. O-O Nb6 8.
d3 Be7 9. a3 O-O 10. b4 a6 11. Ne4 Bd5 12. Bb2 Bxe4 13. dxe4 Nc4 14. Bc3 Qxd1
15. Rfxd1 Rad8 16. Rd5 Bd6 17. Bh3 h6 18. Rdd1 Nb6 19. Rac1 Rfe8 20. e3 Nc4 21.
a4 Nb6 22. b5 axb5 23. axb5 Na7 24. Bf1 Rb8 25. Ba5 Nbc8 26. Bh3 Re7 27. Nd2
Ra8 28. Nb3 g6 29. Rc2 Kf8 30. Kg2 Kg7 31. Kf3 h5 32. Ke2 Kf8 33. Kf1 Kg7 34.
Kg1 Rb8 35. Kg2 Ra8 36. Kf3 Kf6 37. Ke2 Kg7 38. f3 f6 39. Kf2 Kf7 40. Rdc1 Ke8
41. Ra1 Kf8 42. Rb1 Kg7 43. Rbc1 Kh6 44. Rd1 Kg7 45. Ke2 Kh7 46. Kf1 Kg7 47.
Ra1 Kh6 48. Kg2 Kg7 49. Rb1 Kh6 50. Rf1 Kg7 51. Ra1 Kh6 52. Rd1 Kg7 53. Rd3 Kh6
54. Kf2 Kg7 55. Kg1 Kh6 56. Kg2 1/2-1/2

[Event "MCRE_CF23"]
[Site "?"]
[Date "????.??.??"]
[Round "?"]
[White "Trs, Jan"]
[Black "Smerda, Roman"]
[Result "0-1"]
[WhiteElo "2158"]
[BlackElo "1600"]
[PlyCount "134"]
[EventDate "2009.??.??"]
[EventType "corr"]
[EventRounds "2"]

1. d4 Nf6 2. c4 e6 3. Nc3 Bb4 4. Qc2 O-O 5. a3 Bxc3+ 6. Qxc3 Ne4 7. Qc2 f5 8.
e3 b6 9. Ne2 Bb7 10. f3 Nf6 11. Nc3 c5 12. d5 Qe7 13. Bd3 Kh8 14. O-O exd5 15.
cxd5 Bxd5 16. Nxd5 Nxd5 17. e4 Nf6 18. exf5 d5 19. b3 Nc6 20. Bb2 Qe3+ 21. Kh1
Nd4 22. Bxd4 Qxd4 23. Rad1 Qf4 24. g3 Qd6 25. Rfe1 Rae8 26. Bb5 Re7 27. Kg2 d4
28. Rxe7 Qxe7 29. Qc4 Rd8 30. Qe6 Nd5 31. Re1 Qf8 32. Bd3 Ne3+ 33. Kf2 Re8 34.
Qd7 Qe7 35. Qxe7 Rxe7 36. g4 Kg8 37. h4 Kf8 38. g5 Rb7 39. Be4 Rf7 40. g6 hxg6
41. fxg6 Re7 42. h5 Re5 43. Rh1 Ke7 44. Rh4 Nf5 45. Bxf5 Rxf5 46. f4 b5 47. Kf3
d3 48. Ke3 Rd5 49. Kd2 c4 50. bxc4 bxc4 51. Rh2 Rf5 52. Kc3 Rxf4 53. Rb2 Ke6
54. Rb7 Rf2 55. Kxc4 d2 56. Rb1 Rf8 57. Kc3 Rd8 58. Rd1 Kf6 59. Kc2 Kg5 60.
Rg1+ Kxh5 61. Kd1 Rd7 62. Rg3 a5 63. Rb3 Kxg6 64. Rb5 a4 65. Rb4 Kf5 66. Rxa4
g5 67. Ra5+ Kf4 0-1

[Event "MCRE_CF23"]
[Site "?"]
[Date "????.??.??"]
[Round "?"]
[White "Rychtecky, Pavel"]
[Black "Berko, Michal"]
[Result "1-0"]
[WhiteElo "2140"]
[BlackElo "2070"]
[PlyCount "63"]
[EventDate "2009.??.??"]
[EventType "corr"]
[EventRounds "2"]

1. e4 e6 2. d4 d5 3. Nc3 Bb4 4. e5 Ne7 5. a3 Bxc3+ 6. bxc3 b6 7. Qg4 Ng6 8. h4
h5 9. Qd1 c5 10. Bb5+ Bd7 11. Bd3 Ne7 12. Bg5 Nbc6 13. Nf3 Qc7 14. O-O O-O 15.
Qd2 c4 16. Be2 Nf5 17. g3 Be8 18. Rfb1 f6 19. exf6 gxf6 20. Bf4 Qe7 21. Re1 Bg6
22. Bf1 Nd6 23. Bxd6 Qxd6 24. Nh2 Kg7 25. Bg2 b5 26. Nf1 a5 27. Ne3 Rad8 28.
Reb1 Rb8 29. Bf3 Rfd8 30. Rd1 Qf8 31. Qe2 Qf7 32. Qd2 1-0